|
|
|
|
| LEADER |
00000nab a2200000 a 4500 |
| 001 |
vtls000777810 |
| 003 |
SK-MaSNL |
| 005 |
20260302152837.0 |
| 008 |
180206c2001 xo 0 slo |
| 015 |
|
|
|a SNBRB2001/12-35467
|
| 035 |
|
|
|a CLN000129591
|
| 040 |
|
|
|a SNKBUCL
|b slo
|c SNKBUCL
|e AACR2
|
| 041 |
0 |
|
|a slo
|
| 044 |
|
|
|a xo
|c SK
|
| 080 |
|
|
|a 329.051(437.6):324
|2 UDC-MRF-SK2
|
| 100 |
1 |
|
|a Cibula, Igor
|4 aut
|9 480499
|
| 245 |
1 |
0 |
|a Nespôsobilí na predvolebný boj
|c Igor Cibula
|
| 650 |
0 |
7 |
|a strany politické vládne
|z Slovensko
|x stratégia predvolebná
|2 snkbucl
|9 846892
|
| 655 |
|
7 |
|a články z novín a časopisov
|2 snkbucl
|9 267496
|
| 773 |
0 |
|
|t Sme
|g Roč. 9, č. 254 (5.11.2001), s. 6
|
| 850 |
|
|
|a Slovenská národná knižnica v Martine
|
| 852 |
|
|
|a SNK
|b KIS3GCP
|
| 958 |
|
|
|a RBX
|
| 999 |
|
|
|c 1363663
|d 1365593
|